000 00868nam a2200265Ia 4500
003 OSt
005 20220930094048.0
006 a|||||r|||| 00| 0
007 ta
008 220926b |||||||| |||| 00| 0 eng d
024 _a66299
037 _cTheses
040 _aCRL
_cCRL
_beng
041 _2eng
_aeng
100 _aGupta Sharad Au.
_9554274
110 _aUniversity of Delhi. Faculty of Management Studies. Department of Management Studies
245 0 _aMindful consumption-antecedents, consequences and marketing implications Sharad Gupta
260 _c2019
300 _a332p.
_ap.
_ccm.
650 _aManagement
700 _a Verma Harsh V. Gu.
_9554275
700 _aUniversity of Delhi. Faculty of Management Studies. Department of Management Studies
942 _cDIS
_2CC
999 _c886508
_d886508